Historia de la conquista de Méjico : (Record no. 162549)

MARC details
000 -LEADER
campo de control de longitud fija 01449nam a22003015i 4500
001 - NÚMERO DE CONTROL
campo de control 162549
003 - IDENTIFICADOR DE NÚMERO DE CONTROL
campo de control ES-MaACL
005 - FECHA Y HORA DE LA ÚLTIMA TRANSACCIÓN
campo de control 20251002201743.0
008 - DATOS DE LONGITUD FIJA--INFORMACIÓN GENERAL
campo de control de longitud fija 991221m18471850sp |||| | spa d
080 ## - NÚMERO DE LA CLASIFICACIÓN DECIMAL UNIVERSAL
Número de la Clasificación Decimal Universal 929 Cortés, Hernán
080 ## - NÚMERO DE LA CLASIFICACIÓN DECIMAL UNIVERSAL
Número de la Clasificación Decimal Universal 930.85(=822.21)
080 ## - NÚMERO DE LA CLASIFICACIÓN DECIMAL UNIVERSAL
Número de la Clasificación Decimal Universal 94(72)"1517/21"
100 1# - ENTRADA PRINCIPAL--NOMBRE DE PERSONA
Nombre de persona Prescott, William Hickling,
Fechas asociadas al nombre 1796-1859
9 (RLIN) 131353
245 10 - MENCIÓN DEL TÍTULO
Título Historia de la conquista de Méjico :
Resto del título con una reseña preliminar de la civilización antigua mejicana y la vida del conquistador Hernán Cortés /
Mención de responsabilidad, etc. escrita en inglés por William Prescott ; y traducida del original por J.B. de Beratarrechea.
260 ## - PUBLICACIÓN, DISTRIBUCIÓN, ETC.
Lugar de publicación, distribución, etc. Madrid :
Nombre del editor, distribuidor, etc. [s.n.],
Fecha de publicación, distribución, etc. 1847-1850 (
Fabricante Imp. de la Publicidad, a cargo de M. Rivadeneyra)
300 ## - DESCRIPCIÓN FÍSICA
Extensión 4 v. ;
Dimensiones 22 cm.
530 ## - NOTA DISPONIBLE DE FORMULARIO FÍSICO ADICIONAL
Nota de formato físico adicional disponible Disponible en formato digital.
596 ## - NOTA AL PIE DE IMPRENTA
NOTA AL PIE DE IMPRENTA Vol. 4: Imprenta de D. B. González.
596 ## - NOTA AL PIE DE IMPRENTA
NOTA AL PIE DE IMPRENTA En antep. de v. 1 a 3: Edición de la Revista de España, de Indias y del Extranjero
597 ## - NOTA DE DESCRIPCIÓN FÍSICA
NOTA DE DESCRIPCIÓN FÍSICA V. 1 (XV, 335 p.) - v. 2 (347 p.) - v. 3 (347 p.) - v. 4. (262 p.)
600 14 - PUNTO DE ACCESO ADICIONAL DE MATERIA--NOMBRE DE PERSONA
Nombre de persona Cortés, Hernán,
Fechas asociadas al nombre 1485-1547-
Subdivisión general Biografías
9 (RLIN) 40854
650 #4 - PUNTO DE ACCESO ADICIONAL DE MATERIA--TÉRMINO DE MATERIA
Término de materia o nombre geográfico como elemento de entrada Aztecas.
9 (RLIN) 10469
651 #4 - PUNTO DE ACCESO ADICIONAL DE MATERIA--NOMBRE GEOGRÁFICO
Nombre geográfico México-
Subdivisión general Historia-
Subdivisión cronológica 1517-1521, Descubrimiento y conquista.
9 (RLIN) 136484
700 1# - ENTRADA AGREGADA--NOMBRE PERSONAL
Nombre de persona Beratarrechea, J. B. de.
9 (RLIN) 125923
852 4# - LOCALIZACIÓN
Ubicación ES-MaACL
Número de control de estantería C-662-65
Nota libre - Enc. hol.
856 4# - LOCALIZACIÓN Y ACCESO ELECTRÓNICOS
Identificador Uniforme de Recursos <a href="http://bdh-rd.bne.es/viewer.vm?id=0000037922&page=1 ">http://bdh-rd.bne.es/viewer.vm?id=0000037922&page=1 </a>
Nota pública Biblioteca Digital Hispánica
Holdings
Estatus retirado Estado de pérdida Estado de daño No para préstamo Colección Biblioteca de origen Biblioteca actual Ubicación en estantería Fecha de adquisición Total de préstamos Signatura topográfica completa Código de barras Visto por última vez Precio de reemplazo Tipo de ítem Koha
        Colección digital Biblioteca del Ateneo de Madrid Biblioteca del Ateneo de Madrid Sala Palomar 17/01/2008   C-662-65 1170290 23/02/2023 23/02/2023 Libro impreso antiguo